Final report on laws relating to the liability of employers to make compensation to their employees for injuries received in the course of their employment, which are in force in other countries.

Saved in:
Bibliographic Details
Corporate Author: Ontario. Workmen's Compensation Commission.
Other Authors: Meredith, William Ralph, Sir, 1840-1923.
Format: Book
Language:English
Published: Toronto : L.K. Cameron, 1913.
Subjects:
Tags: Add Tag
No Tags, Be the first to tag this record!
LEADER 01053nam a22002172u 4500
001 005349132-7
005 20020606095253.2
008 950301s1913 onc s000|0 eng d
010 |a  14001557  
035 0 |a ocm10866484 
050 0 0 |a HD7816.C34  |b A4 1913b 
110 1 |a Ontario.  |b Workmen's Compensation Commission. 
245 1 0 |a Final report on laws relating to the liability of employers to make compensation to their employees for injuries received in the course of their employment, which are in force in other countries.  |c By the Hon. Sir william Ralph Meredith, C.J.O., commissioner, with appendixes. Printed by order of the Legislative Assembly of Ontario. 
260 |a Toronto :  |b L.K. Cameron,  |c 1913. 
300 |a xx, 733 p. ;  |c 25 cm. 
500 |a This report, without the appendixes, is issued also with the "Second interim report," 1913 (cover-title, 58p.) 
650 0 |a Workers' compensation  |z Ontario. 
650 0 |a Workers' compensation  |z United States. 
700 1 |a Meredith, William Ralph,  |c Sir,  |d 1840-1923. 
988 |a 20020608 
906 |0 MH